书目信息 |
| 题名: |
冲床工作压力计算
|
|
| 作者: | 张耀卿 编著 | |
| 分册: | ||
| 出版信息: | 北京 机械工业出版社 1960 |
|
| 页数: | 38页 | |
| 开本: | 20cm | |
| 丛书名: | ||
| 单 册: | ||
| 中图分类: | TG385 | |
| 科图分类: | ||
| 主题词: | 冷冲击 , 钣金工 | |
| 电子资源: | ||
| ISBN: | ||
| 000 | 00589nam0 2200217 450 | |
| 001 | 0758784203 | |
| 005 | 20070918162101.50 | |
| 010 | @dCNY0.05 | |
| 100 | @a20070918d1960 km y0chiy0120 ea | |
| 101 | 0 | @achi |
| 102 | @aCN@b110000 | |
| 102 | @aCN@b110000 | |
| 200 | 1 | @a冲床工作压力计算@Achong chuang gong zuo ya li ji suan@f张耀卿编著@Fzhang yao qing bian zhu |
| 210 | @a北京@c机械工业出版社@d1960 | |
| 215 | @a38页@d20cm | |
| 606 | 0 | @a冷冲击 |
| 606 | 0 | @a钣金工 |
| 690 | @aTG385@v3 | |
| 701 | 0 | @a张耀卿@Azhang yao qing@4编著 |
| 801 | 0 | @aCN@bPFT@c20070918 |
| 905 | @a10447@dTG385@e3 | |
| 冲床工作压力计算/张耀卿编著.-北京:机械工业出版社,1960 |
| 38页;20cm |
| ISBN :CNY0.05 |
| ● |
| 相关链接 |
|
|
|
|
正题名:冲床工作压力计算
索取号:TG385/3
 
预约/预借
| 序号 | 登录号 | 条形码 | 馆藏地/架位号 | 状态 | 备注 |
| 1 | 0018126 | 202463618 | 密集书库/ [索取号:TG385/3] | 在馆 |